00341nam a2200121Ia 4500003000400000008004100004040001600045082001800061245005200079260007200131300001100203490000500214GCL140319s9999 xx 000 0 ara d aGCL / cGCL04a813.03bف ب10aبعض الظن اثم بعض الظن حلال a[S.N] : bدار الهلال للطباعة والنشر ، c1991 a131 ص a